000 00600nam a2200169Ia 4500
008 090201s9999 xx 000 0 und d
010 _aKPL-35689
040 _bमराठी
041 _aमराठी
082 _a22118
_b35689
100 _aम. शं. ढोले
245 _aमंडल अहवालाची चिकीत्सा
_cम. शं. ढोले
260 _c2004
_bविचार प्रबोधिनी प्रकाशन 1
300 _a44
_bलहान
600 _aमंडल अहवालाची चिकीत्सा
942 _cBOOK
999 _c221688
_d221688